000 00327nam a22001577a 4500
003 SGT
020 _a9788124802649
082 _a820,CON
100 _aCONGREVE
245 _aTHE WAY OF THE WORLD
250 _a1ST
260 _aNEW DELHI
_bPEACOCK BOOKS
_c2020
300 _a92
650 _aENGLISH
942 _2ddc
_cBK
_044
999 _c19740
_d19740